Discursos y cartas sobre Acción Católica Española / (Record no. 129058)

MARC details
000 -LEADER
campo de control de longitud fija 00709nam a2200205 i 4500
001 - NÚMERO DE CONTROL
campo de control 129058
003 - IDENTIFICADOR DE NÚMERO DE CONTROL
campo de control ES-MaACL
005 - FECHA Y HORA DE LA ÚLTIMA TRANSACCIÓN
campo de control 20250907063109.0
007 - CAMPO FIJO DE DESCRIPCIÓN FÍSICA--INFORMACIÓN GENERAL
campo de control de longitud fija t|
008 - DATOS DE LONGITUD FIJA--INFORMACIÓN GENERAL
campo de control de longitud fija 070605s1958 sp ||||1| spa d
080 ## - NÚMERO DE LA CLASIFICACIÓN DECIMAL UNIVERSAL
Número de la Clasificación Decimal Universal 266.5(460)
100 0# - ENTRADA PRINCIPAL--NOMBRE DE PERSONA
Nombre de persona Tedeschini, Federico,
Títulos y otros términos asociados al nombre Cardenal
9 (RLIN) 109509
245 10 - MENCIÓN DEL TÍTULO
Título Discursos y cartas sobre Acción Católica Española /
Mención de responsabilidad, etc. Federico Tedeschini ; publicación y prólogo de J. de F.
260 ## - PUBLICACIÓN, DISTRIBUCIÓN, ETC.
Lugar de publicación, distribución, etc. Santiago de Compostela :
Nombre del editor, distribuidor, etc. [s.n.],
Fecha de publicación, distribución, etc. 1958 (
Fabricante Imp. Paredes)
300 ## - DESCRIPCIÓN FÍSICA
Extensión XXI, 150 p. :
Otras características físicas il. ;
Dimensiones 25 cm.
610 24 - PUNTO DE ACCESO ADICIONAL DE MATERIA--NOMBRE DE ENTIDAD CORPORATIVA
Nombre de entidad corporativa o nombre de jurisdicción como elemento de entrada Acción Católica Española.
9 (RLIN) 1243
700 1# - ENTRADA AGREGADA--NOMBRE PERSONAL
Nombre de persona Francisco Iglesias, Julia de.
9 (RLIN) 52195
852 4# - LOCALIZACIÓN
Ubicación ES-MaACL
Número de control de estantería C-15800
Holdings
Estatus retirado Estado de pérdida Estado de daño No para préstamo Biblioteca de origen Biblioteca actual Ubicación en estantería Fecha de adquisición Fuente de adquisición Total de préstamos Signatura topográfica completa Código de barras Visto por última vez Precio de reemplazo Tipo de ítem Koha
        Biblioteca del Ateneo de Madrid Biblioteca del Ateneo de Madrid Ficheros 17/01/2008     C-15800 1134399 23/02/2023 23/02/2023 Libro impreso